000 00302nam a2200133Ia 4500
008 191201s2012 xx 000 0 und d
100 _aDHAKE, A M
245 0 _aTelevision and Video Engineering
250 _aRep
260 _c2012
_bTMH
_aN. Delhi
300 _a646
650 _aECE
942 _2ddc
_cBB
999 _c7570
_d7570